00554nam a2200169Ia 4500003000900000008004100009020001800050040001600068080001300084245013400097260003700231300001500268650004100283650001100324700002300335700002600358IN-BaIIA211028s9999 xx 000 0 eng d a0-85066-222-2 cIIA Library a535bCUR 0aCurrent trends in opticsbinvited papers from the ICO-12 meeting Graz, Austria, 1981cedited by F. T. Arecchi and F. R. Aussenegg aLondonbTaylor and Francisc1981 avii, 190p. aAstronomy and astrophysics thesaurus aOptics aArecchi, F. T.,ed. aAussenegg, F. R., ed.